[Event "Match"]
[Site "www.echecsemail.com"]
[Date "2017.10.11"]
[Round "1"]
[White "Chapi"]
[Black "Jc7325"]
[WhiteElo "2160"]
[BlackElo "1459"]
[Result "1-0"]
[Round "1"]
1.d4 d5
2.c4 e5
3.dxe5 Bc8e6
4.Nb1c3 Nb8c6
5.cxd5 Be6xd5
6.Nc3xd5 f6
7.e4 Nc6xe5
8.Ng1f3 Ne5xf3
9.Qd1xf3 Bf8d6
10.Bf1c4 Ng8e7
11.O-O O-O
12.Nd5xe7 Kh8
13.Ne7f5 Ra8b8
14.Rf1d1 b5
15.Bc4d5 b4
16.Nf5xd6 cxd6
17.Bc1f4 a5
18.Ra1c1 g5
19.Bf4g3 a4
20.Bd5c6 Rf8f7
21.Rd1xd6 Qd8f8
22.Bc6d5 Rf7e7
23.Rd6xf6 Qf8d8
24.Bg3xb8 Qd8xb8
25.Rf6f8 { resign }
1-0

[Event "Match"]
[Site "www.echecsemail.com"]
[Date "2017.10.11"]
[Round "1"]
[White "Mrmoto"]
[Black "Jc7325"]
[WhiteElo "1690"]
[BlackElo "1499"]
[Result "1-0"]
[Round "1"]
1.e4 c5
2.c3 d5
3.exd5 Qd8xd5
4.d4 e5
5.Bc1e3 Ng8f6
6.Qd1f3 e4
7.Qf3f4 Bf8d6
8.Qf4g5 O-O
9.Qg5xd5 Nf6xd5
10.dxc5 Nd5xe3
11.cxd6 Ne3c2
12.Ke2 Nc2xa1
13.Kd2 Rf8e8
14.Ke3 Na1c2
15.Ke2 Bc8g4
16.Kd2 Nb8d7
17.f3 exf3
18.gxf3 Bg4f5
19.Ng1e2 Nd7c5
20.Ne2d4 Bf5d3
21.Bf1xd3 Nc5xd3
22.Kxc2 Ra8d8
23.Kxd3 Rd8xd6
24.Nb1d2 Re8e5
25.Nd2c4 Rd6d5
26.Nc4xe5 Rd5xe5
27.f4 Re5a5
28.a3 f6
29.Rh1a1 Ra5h5
30.Ra1e1 Rh5xh2
31.b4 Rh2f2
32.Nd4b5 Rf2xf4
33.Re1e8 Kf7
34.Nb5d6 Kg6
35.c4 Rf4f3
36.Re8e3 Rf3f1
37.Re3g3 Kh5
38.Rg3xg7 Rf1d1
39.Ke4 Rd1xd6
40.Rg7xh7 Kg6
41.Rh7xb7 Rd6e6
42.Kf4 f5
43.Rb7b5 Re6e4
44.Kf3 Kg5
45.c5 Re4f4
46.Kg3 Rf4g4
47.Kf3 f4
48.c6 Kh4
49.c7 a6
50.Rb5f5 Rg4g3
51.Kf2 Kg4
52.c8Q Rg3f3
53.Ke2 Rf3e3
54.Kd2 f3
55.Rf5e5 Kf4
56.Qc8f5 { resign }
1-0

[Event "Match"]
[Site "www.echecsemail.com"]
[Date "2017.10.11"]
[Round "1"]
[White "Apdash"]
[Black "Guidom"]
[WhiteElo "2210"]
[BlackElo "2160"]
[Result "1-0"]
[Round "1"]
1.c4 c5
2.e3 Nb8c6
3.d4 cxd4
4.exd4 Ng8f6
5.d5 Nc6b8
6.Nb1c3 d6
7.Bf1d3 g6
8.Bc1g5 Bf8g7
9.Ng1e2 Nb8d7
10.O-O O-O
11.b4 Nd7e5
12.Ra1c1 Ne5xd3
13.Qd1xd3 Bc8f5
14.Qd3d2 a6
15.Ne2d4 Bf5d7
16.h3 Rf8e8
17.Rf1e1 Ra8c8
18.Nc3e4 Nf6xe4
19.Re1xe4 Bg7xd4
20.Qd2xd4 Bd7f5
21.Bg5h6 f6
22.Re4e2 g5
23.h4 gxh4
24.Qd4xh4 Qd8d7
25.Re2e3 Bf5g6
26.Re3g3 Qd7f5
27.Rc1c3 Kf7
28.Rc3f3 Qf5b1
29.Kh2 Re8g8
30.Qh4g4 f5
31.Qg4d4 Qb1xa2
32.Qd4e3 Rg8d8
33.Qe3e6 Ke8
34.Rf3xf5 Rc8xc4
35.Rf5f8 { resign }
1-0

[Event "Match"]
[Site "www.echecsemail.com"]
[Date "2017.10.11"]
[Round "1"]
[White "Sonny1000"]
[Black "Begory"]
[WhiteElo "1540"]
[BlackElo "1660"]
[Result "1-0"]
[Round "1"]
1.d4 d5
2.f3 Bc8f5
3.g4 Bf5g6
4.h4 h5
5.g5 Nb8c6
6.Ng1h3 Nc6b4
7.Nh3f4 Nb4xc2
8.Kf2 Nc2xd4
9.Qd1xd4 e6
10.Qd4a4 c6
11.e4 b5
12.Bf1xb5 cxb5
13.Qa4xb5 Qd8d7
14.Qb5xd7 Kxd7
15.Nf4xg6 fxg6
16.exd5 exd5
17.Rh1d1 Bf8c5
18.Bc1e3 Bc5xe3
19.Kxe3 Ng8e7
20.Kd4 Kd6
21.Kd3 Ra8b8
22.Nb1c3 Rb8xb2
23.Nc3e4 dxe4
24.fxe4 Rh8d8
25.Kc3 Ke6
26.Rd1xd8 Rb2h2
27.Rd8a8 Rh2xh4
28.Ra8xa7 Rh4xe4
29.Ra7a6 Kf7
30.Ra1f1 Kg8
31.a4 Re4g4
32.Ra6a8 Kh7
33.Rf1f8 Rg4g3
34.Kd4 Ne7f5
35.Ke5 Rg3e3
36.Kf4 h4
37.Rf8h8 { resign }
1-0

[Event "Match"]
[Site "www.echecsemail.com"]
[Date "2017.10.11"]
[Round "1"]
[White "Darknight"]
[Black "Paco"]
[WhiteElo "1850"]
[BlackElo "1940"]
[Result "1-0"]
[Round "1"]
1.e4 e5
2.Bf1c4 Ng8f6
3.d3 d5
4.exd5 Nf6xd5
5.Qd1f3 Nd5f4
6.Bc1xf4 exf4
7.Ng1e2 Qd8f6
8.c3 Bf8d6
9.Nb1d2 O-O
10.O-O-O Nb8c6
11.h3 Nc6e5
12.Qf3e4 Ne5xc4
13.Qe4xc4 Bc8e6
14.Qc4a4 a6
15.Nd2e4 Qf6h6
16.Kb1 b5
17.Qa4c2 Bd6e7
18.Ne2c1 f5
19.Ne4d2 Qh6g6
20.Rd1g1 a5
21.a4 Be6f7
22.d4 Qg6e6
23.f3 Qe6a2
24.Nc1xa2 c6
25.Qc2xf5 Bf7xa2
26.Kxa2 Rf8xf5
27.Kb3 bxa4
28.Kxa4 Rf5b5
29.Nd2c4 Ra8b8
30.h4 h6
31.h5 c5
32.Rg1e1 Be7f8
33.Rh1h4 cxd4
34.Rh4xf4 Rb5xh5
35.Rf4xd4 Rh5h2
36.Re1e2 Rh2h1
37.g4 Rh1a1
38.Nc4a3 Ra1a2
39.Rd4d2 Kh7
40.Re2h2 Bf8e7
41.f4 Be7c5
42.g5 Bc5e3
43.Rd2d7 Kg6
44.Rd7d6 Kf5
45.gxh6 gxh6
46.Rh2xh6 Be3xf4
47.Rh6f6 Kg4
48.Rd6d4 Rb8xb2
49.Rd4xf4 Kg3
50.Rf4f3 Kg2
51.Rf3f5 Kg1
52.Rf6g6 Rb2g2
53.Rg6xg2 Kxg2
54.Rf5xa5 { resign }
1-0

[Event "Match"]
[Site "www.echecsemail.com"]
[Date "2017.10.11"]
[Round "1"]
[White "Krystek23"]
[Black "Michel93"]
[WhiteElo "2370"]
[BlackElo "1809"]
[Result "1-0"]
[Round "1"]
1.c4 e5
2.Nb1c3 Ng8f6
3.g3 Bf8b4
4.Bf1g2 O-O
5.d3 Rf8e8
6.Bc1d2 Bb4xc3
7.Bd2xc3 d5
8.cxd5 Nf6xd5
9.Ng1f3 Nd5xc3
10.bxc3 Nb8c6
11.O-O Bc8g4
12.Qd1a4 Bg4d7
13.Nf3d2 f5
14.Qa4b3 Kh8
15.Qb3xb7 Ra8b8
16.Qb7a6 Rb8b2
17.Nd2c4  { time }
1-0

[Event "1/16 Finale"]
[Site "www.chess-mail.com"]
[Date "2017.10.11"]
[Round "1"]
[White "Vgrynyuk"]
[Black "Stepanpech"]
[WhiteElo "2489"]
[BlackElo "2500"]
[Result "1-0"]
[Round "1"]
1.e4 e5
2.Ng1f3 Nb8c6
3.Bf1b5 a6
4.Bb5a4 Ng8f6
5.O-O Bf8e7
6.Rf1e1 b5
7.Ba4b3 O-O
8.c3 d6
9.h3 Bc8b7
10.d4 Rf8e8
11.Nb1d2 Be7f8
12.a4 h6
13.Bb3c2 exd4
14.Nf3xd4 Qd8d7
15.axb5 Nc6xd4
16.cxd4 axb5
17.Ra1xa8 Re8xa8
18.d5 c6
19.dxc6 Qd7xc6
20.Nd2b3 b4
21.Bc2b1 g6
22.Bc1f4 Nf6d7
23.Qd1d2 Nd7c5
24.Nb3d4 Qc6b6
25.Bf4xh6 Bf8xh6
26.Qd2xh6 Nc5d3
27.Bb1xd3 Qb6xd4
28.Qh6d2 Kg7
29.Kh2 Qd4e5
30.f4 Qe5d4
31.Re1d1 Ra8e8
32.f5 Qd4e5
33.Kh1 Qe5d4
34.fxg6 fxg6
35.Bd3b5 Qd4xd2
36.Rd1xd2 Re8e5
37.Bb5f1 Re5e6
38.Bf1c4 Re6xe4
39.Rd2xd6 Re4xc4
40.Rd6d7 Kf6
41.Rd7xb7 g5
42.Kg1 g4
43.hxg4 Rc4xg4
44.Kf2 Rg4d4
45.Ke3 Rd4g4
46.Kf3 Rg4d4
47.Rb7b5 Rd4d3
48.Ke4 Rd3g3
49.Rb5f5 Ke6
50.Rf5f2 Rg3g8
51.Rf2d2 Rg8g7
52.Rd2e2 Kf6
53.Kf4 Rg7d7
54.Re2f2 Kg6
55.Ke5 Rd7d3
56.Rf2f3 Rd3d2
57.b3 Rd2xg2
58.Rf3f4 Rg2g5
59.Kd6 Rg5b5
60.Kc6 Rb5b8
61.Kc5 Kg5
62.Rf4xb4 Rb8c8
63.Kd6 Rc8d8
64.Kc7 Rd8d3
65.Rb4b6 Rd3c3
66.Kb7  { time }
1-0

[Event "1/16 Finale"]
[Site "www.chess-mail.com"]
[Date "2017.10.11"]
[Round "1"]
[White "Vgrynyuk"]
[Black "Jaroslavpech"]
[WhiteElo "2570"]
[BlackElo "2150"]
[Result "1-0"]
[Round "1"]
1.e4 e5
2.Ng1f3 Nb8c6
3.Bf1b5 a6
4.Bb5a4 Ng8f6
5.O-O Bf8e7
6.Rf1e1 b5
7.Ba4b3 O-O
8.c3 d6
9.h3 Rf8e8
10.d4 Bc8b7
11.Nb1d2 Be7f8
12.a3 h6
13.Bb3c2 Nc6b8
14.b3 Nb8d7
15.Bc1b2 c6
16.Bc2d3 Qd8c7
17.Qd1c2 Ra8c8
18.Ra1c1 Qc7b6
19.Bd3f1 Nf6h5
20.c4 exd4
21.Nf3xd4 g6
22.b4 c5
23.Nd4f3 Bb7c6
24.Bb2a1 Bf8g7
25.Ba1xg7 Nh5xg7
26.Qc2d3 Qb6c7
27.Qd3e3 g5
28.Nf3h2 Re8e6
29.Qe3b3 Nd7e5
30.cxb5 Bc6xb5
31.Nd2c4 Bb5xc4
32.Bf1xc4 Ne5xc4
33.Rc1xc4 Qc7e7
34.Qb3c3 h5
35.Nh2f1 a5
36.bxa5 d5
37.Rc4b4 Qe7c7
38.Rb4b5 d4
39.Qc3c4 Qc7e5
40.Re1c1 Re6a6
41.Rb5b7 Qe5e6
42.Qc4b5 Ra6c6
43.a6 Rc6xa6
44.Rc1xc5 Rc8xc5
45.Qb5xc5 Qe6xe4
46.Rb7b8 Kh7
47.Qc5c8 Qe4e5
48.Qc8xa6 Qe5xb8
49.Qa6d3 Kg8
50.Qd3xd4 Ng7e6
51.Qd4c4 Kg7
52.a4 Qb8e5
53.Qc4b5 Qe5xb5
54.axb5 f6
55.Nf1g3 Kg6
56.Ng3e4 Ne6d8
57.Ne4c5 Kf5
58.b6 Nd8c6
59.f3 Ke5
60.b7 Nc6b8
61.Kf2 Kd4
62.Nc5e4 Ke5
63.Ne4g3 h4
64.Ng3e4 Nb8a6
65.Ke3 Na6b8
66.Kd3 Nb8c6
67.Ne4c5 Nc6b8
68.Kc4 f5
69.Kb5  { time }
1-0

[Event "1/32 Finale"]
[Site "www.chess-mail.com"]
[Date "2017.10.11"]
[Round "1"]
[White "Bronstein70"]
[Black "Stepanpech"]
[WhiteElo "2420"]
[BlackElo "2550"]
[Result "1-0"]
[Round "1"]
1.e4 c5
2.f4 d5
3.exd5 Ng8f6
4.Bf1b5 Bc8d7
5.Bb5xd7 Qd8xd7
6.c4 e6
7.Ng1f3 exd5
8.Nf3e5 Qd7c7
9.Nb1c3 d4
10.Nc3b5  { time }
1-0

[Event "Eq:Good team-Slap Shot Mates : "]
[Site "www.chess-mail.com"]
[Date "2017.10.11"]
[Round "1"]
[White "Stepanpech"]
[Black "Chessington"]
[WhiteElo "2510"]
[BlackElo "2430"]
[Result "0-1"]
[Round "1"]
1.e4 e6
2.d4 d5
3.Nb1d2 Bf8e7
4.Bf1d3 c5
5.dxc5 Ng8f6
6.Qd1e2 O-O
7.Ng1f3 a5
8.O-O Nb8a6
9.e5 Nf6d7
10.c4 Na6b4
11.Bd3b1 Nd7xc5
12.Rf1e1 b6
13.a3 Nb4c6
14.Nd2b3 Bc8a6
15.Qe2c2 g6
16.Nb3xc5 bxc5
17.cxd5 Qd8xd5
18.Qc2c3 Qd5c4
19.Bb1e4 Ra8c8
20.Bc1d2 Qc4xc3
21.Bd2xc3 a4
22.Ra1d1 Rf8d8
23.Rd1xd8 Be7xd8
24.Re1d1 Ba6b5
25.g3 Nc6e7
26.Rd1d2 Rc8b8
27.Nf3e1 Bb5c4
28.Ne1d3 Bd8b6
29.Nd3f4 Bc4b5
30.Kg2 Kg7
31.Kf3 Kf8
32.Kg2 Ke8
33.h4 Rb8d8
34.Rd2xd8 Bb6xd8
35.h5 Kd7
36.Kf3 Bb5c6
37.g4 Ne7d5
38.Bc3d2 Bd8c7
39.hxg6 hxg6
40.Nf4d3 Bc7b6
41.Nd3f4 Kc8
42.g5 Kb7
 { time }
0-1

[Event "Eq:SIETE ESTRELLAS VERDES-Super Chess Team : "]
[Site "www.chess-mail.com"]
[Date "2017.10.11"]
[Round "1"]
[White "Dussek"]
[Black "Caspito"]
[WhiteElo "1790"]
[BlackElo "1870"]
[Result "0-1"]
[Round "1"]
1.d4 d5
2.Ng1f3 Nb8c6
3.Bc1f4 Bc8g4
4.e3 Ng8f6
5.Nb1d2 Nf6e4
6.Bf1d3 f6
7.c3 e5
8.dxe5 fxe5
9.Bf4g3 Ne4xg3
10.hxg3 h5
11.Qd1c2 Qd8f6
12.O-O-O O-O-O
13.Rd1e1 Nc6a5
14.Nf3h4 Qf6xf2
15.Rh1f1 Qf2xg3
16.Bd3f5 Kb8
17.Nh4g6 Rh8h6
18.Bf5xg4 hxg4
19.Ng6xf8 Qg3xg2
20.Nf8g6 e4
21.Rf1g1 Qg2h3
22.Ng6f4 Qh3h4
23.Qc2a4 Rh6a6
24.Qa4d4 g5
25.Rg1h1 Qh4f2
26.Re1f1 Qf2g3
27.Nf4h5 Qg3d6
28.Rf1f6 Qd6e7
29.Rh1g1 Na5c6
30.Rf6xc6 Ra6xc6
31.Rg1xg4 Rc6a6
32.Kb1 Qe7f8
33.Rg4xg5 c6
34.Qd4e5 Ka8
35.Rg5f5 Qf8c5
36.Qe5g3 Qc5d6
37.Qg3g5 b5
38.Rf5f6 Qd6e7
39.b4 c5
40.Qg5g6 Ra6xf6
41.Nh5xf6 cxb4
42.Kb2 bxc3
43.Kxc3 Rd8c8
44.Kb3 Qe7c5
{ resign }
0-1

[Event "Fast Game"]
[Site "www.echecsemail.com"]
[Date "2017.10.11"]
[Round "1"]
[White "Tonino1"]
[Black "Attatroll"]
[WhiteElo "1830"]
[BlackElo "1750"]
[Result "1-0"]
[Round "1"]
1.d4 Ng8f6
2.f4 d5
3.e3 Bc8g4
4.Ng1f3 e6
5.Bf1d3 Bf8d6
6.O-O O-O
7.Nb1d2 c6
8.h3 Bg4h5
9.g4 Bh5g6
10.Bd3xg6 hxg6
11.Nf3e5 Nb8d7
12.Qd1f3 a6
13.Ne5xd7 Nf6xd7
14.e4 dxe4
15.Nd2xe4 Bd6e7
16.g5 Nd7b6
17.c3 Nb6d5
18.a3 Qd8b6
19.Rf1f2 Nd5c7
20.Bc1e3 Kh8
21.h4 Nc7d5
22.Rf2h2 Ra8d8
23.h5 Kg8
24.hxg6 fxg6
25.Ra1f1 Kf7
26.Be3c1 Rf8h8
27.Rf1f2 Rh8xh2
28.Rf2xh2 Rd8h8
29.Rh2xh8 { resign }
1-0

[Event "Tourn. n9412"]
[Site "www.chess-mail.com"]
[Date "2017.10.12"]
[Round "1"]
[White "Jaroslavpech"]
[Black "Krystek23"]
[WhiteElo "2300"]
[BlackElo "2380"]
[Result "0-1"]
[Round "1"]
1.e4 c5
2.Ng1f3 e6
3.d4 cxd4
4.Nf3xd4 Nb8c6
5.Nb1c3 Qd8c7
6.Bc1e3 a6
7.Bf1d3 b5
8.O-O Bc8b7
9.Nd4b3 Ng8f6
10.f4 d6
11.Qd1f3 Bf8e7
12.Qf3h3 Nc6b4
13.Ra1c1 Ra8c8
14.a3 Nb4xd3
15.cxd3 O-O
16.Nc3xb5 Qc7b8
17.Nb5d4 Bb7a8
18.Kh1 Rc8xc1
19.Rf1xc1 Rf8c8
20.Rc1xc8 Qb8xc8
21.Be3d2 Be7f8
22.Nb3a5 g6
23.Bd2c3 Bf8g7
24.Qh3e3 Nf6g4
25.Qe3e2 Bg7xd4
26.Bc3xd4 Qc8c1
27.Bd4g1 Qc1xf4
28.h3 Ng4f6
29.Bg1e3 Qf4g3
30.Na5b3 Nf6h5
31.Kg1 f5
32.Nb3d2 Nh5f4
33.Be3xf4 Qg3h4
34.Bf4xd6 Qh4d8
35.Bd6e5 Qd8f8
36.Qe2e3 Qf8e7
37.Nd2c4 Ba8c6
38.Qe3b6 Bc6d7
39.Qb6c7 fxe4
40.dxe4 Qe7f7
41.Be5d4 Bd7e8
42.Qc7e5 Kf8
43.Qe5h8 Ke7
44.Nc4e5 Qf7f4
 { time }
0-1

[Event "Tourn. n9468"]
[Site "www.chess-mail.com"]
[Date "2017.10.12"]
[Round "1"]
[White "Amaya"]
[Black "Gilliere"]
[WhiteElo "2050"]
[BlackElo "2080"]
[Result "1-0"]
[Round "1"]
1.d4 d5
2.e3 Ng8f6
3.Bf1d3 e6
4.Nb1d2 Nb8c6
5.c3 Bf8e7
6.f4 O-O
7.Ng1f3 Bc8d7
8.O-O h6
9.Nf3e5 Nc6xe5
10.fxe5 Nf6h7
11.e4 c6
12.exd5 cxd5
13.Qd1g4 f5
14.exf6 Nh7xf6
15.Qg4g6 Bd7e8
16.Qg6g3 Nf6h5
17.Qg3h3 Be8f7
18.Rf1xf7 Rf8xf7
19.Qh3xh5 Rf7f6
20.Bd3g6 Qd8f8
21.Nd2f3 Be7d6
22.Bc1g5 Rf6xg6
23.Ra1f1 hxg5
24.Qh5xg6 Qf8f6
25.Qg6xg5 Qf6xg5
26.Nf3xg5 e5
27.dxe5 Bd6xe5
28.Rf1f5 Ra8e8
29.Ng5f3 Be5f6
30.Rf5xd5 Re8e2
31.Rd5d2 Re2e7
32.Kf2 Kf7
33.Nf3d4 Bf6xd4
34.Rd2xd4 b6
35.a4 g6
36.b4 Re7c7
37.c4 Kf6
38.Kf3 Rc7e7
39.g4 Kf7
40.h4 Kg7
41.g5 Re7f7
42.Kg4 Rf7e7
43.Kf4 Re7f7
44.Kg4 Rf7e7
45.c5 bxc5
46.bxc5 Re7c7
47.Rd4d5 Kf7
48.h5 gxh5
49.Kxh5 Ke6
50.Rd5d6 Ke7
51.Rd6a6 Kf7
52.Kh6 Rc7xc5
53.Ra6xa7 Ke6
54.g6 Rc5c1
55.Kg7 Rc1g1
56.a5 Rg1h1
57.a6 Kf5
58.Kg8 Kxg6
59.Ra7b7 Rh1a1
60.a7 Ra1a2
61.Kf8 Kf6
62.Ke8 Ke6
63.Kd8 Ra2d2
64.Kc8 Rd2a2
65.Kb8 { resign }
1-0

[Event "Tourn. n9531"]
[Site "www.chess-mail.com"]
[Date "2017.10.12"]
[Round "1"]
[White "Awfen"]
[Black "Begory"]
[WhiteElo "2050"]
[BlackElo "1809"]
[Result "1-0"]
[Round "1"]
1.e4 e5
2.Ng1f3 Nb8c6
3.Bf1c4 h6
4.O-O Bf8c5
5.c3 Ng8f6
6.d4 exd4
7.cxd4 Bc5b6
8.e5 Nf6g8
9.Nb1c3 d6
10.Bc4b5 Bc8d7
11.exd6 cxd6
12.Rf1e1 Kf8
13.a3 Ng8f6
14.Bc1f4 a6
15.Bb5c4 Bd7g4
16.Bc4e2 Bg4xf3
17.Be2xf3 Nc6xd4
18.Bf3xb7 Ra8a7
19.Bb7f3 Nd4xf3
20.Qd1xf3 d5
21.Ra1d1 d4
22.Qf3c6 Ra7d7
23.Nc3a4 Nf6d5
24.Na4xb6 Nd5xb6
25.Bf4e5 d3
26.Be5c3 Qd8c7
27.Qc6f3 h5
28.Bc3b4 Kg8
29.Qf3f5 Nb6c4
30.Re1e8 { resign }
1-0

[Event "Tourn. n9546"]
[Site "www.chess-mail.com"]
[Date "2017.10.12"]
[Round "1"]
[White "Luban"]
[Black "Attatroll"]
[WhiteElo "2060"]
[BlackElo "1960"]
[Result "1/2-1/2"]
[Round "1"]
1.d4 f5
2.c4 Ng8f6
3.g3 c6
4.Bf1g2 e6
5.Nb1c3 Bf8e7
6.e4 fxe4
7.Nc3xe4 O-O
8.Ng1e2 Qd8a5
9.Bc1d2 Qa5b6
10.Bd2c3 d5
11.Ne4xf6 Be7xf6
12.c5 Qb6c7
13.O-O Nb8d7
14.f4 Rf8e8
15.Kh1 Nd7f8
16.Ne2g1 Nf8g6
17.Ng1f3 b6
18.b4 Bc8a6
19.Rf1e1 bxc5
20.bxc5 Ra8b8
21.Qd1d2 Ba6c4
22.Nf3e5 Ng6xe5
23.fxe5 Bf6e7
24.Bg2f1 Bc4xf1
25.Re1xf1 Re8f8
26.Kg2 Rf8xf1
27.Ra1xf1 Rb8f8
28.Qd2b2 Rf8xf1
29.Kxf1 h6
30.a4 Be7d8
31.a5 Qc7f7
32.Qb2f2 Qf7xf2
33.Kxf2 a6
34.Kf3 Kf7
35.Kg4 Kg6
36.Kf3 Kf5
37.h4 g5
38.g4 Kg6
39.h5 { draw }
1/2-1/2

[Event "Tourn. n9561"]
[Site "www.chess-mail.com"]
[Date "2017.10.12"]
[Round "1"]
[White "Tonino1"]
[Black "Bojan"]
[WhiteElo "2210"]
[BlackElo "2030"]
[Result "1-0"]
[Round "1"]
1.d4 d5
2.f4 Ng8f6
3.e3 Nf6e4
4.Ng1f3 a6
5.Bf1d3 e6
6.Nb1d2 Ne4xd2
7.Bc1xd2 Nb8c6
8.c3 Bc8d7
9.Qd1e2 f6
10.O-O Nc6a5
11.b3 c5
12.dxc5 Qd8c7
13.Nf3d4 Na5c6
14.Qe2h5 Ke7
15.Ra1e1 Bd7e8
16.Qh5g4 Be8d7
17.Kh1 e5
18.Nd4f5 Kd8
19.fxe5 fxe5
20.Qg4g5 Kc8
21.b4 e4
22.Bd3e2 Rh8g8
23.Nf5h6 Rg8h8
24.Nh6f7 h6
25.Qg5g6 Nc6e7
26.Qg6h5 g6
27.Nf7xh8 Bf8g7
28.Nh8xg6 Bd7e8
29.Ng6xe7 Qc7xe7
30.Qh5h3 Kb8
31.Rf1f2 Ka7
32.a4 Be8xa4
33.Re1a1 Ba4d7
34.Qh3h5 Bd7e6
35.c6 Be6c8
36.Rf2f7 Qe7e8
37.Ra1xa6 Kb8
38.c7 { resign }
1-0

[Event "Tourn. n9419"]
[Site "www.chess-mail.com"]
[Date "2017.10.12"]
[Round "1"]
[White "Fabos12"]
[Black "Scasan55"]
[WhiteElo "1920"]
[BlackElo "1980"]
[Result "1/2-1/2"]
[Round "1"]
1.d4 Ng8f6
2.c4 e6
3.Nb1c3 Bf8b4
4.Ng1f3 Bb4xc3
5.bxc3 c5
6.Bc1g5 b6
7.e3 d6
8.d5 e5
9.Qd1c2 O-O
10.h4 Nb8d7
11.h5 Qd8e8
12.h6 g6
13.e4 Kh8
14.Bf1d3 Nf6g8
15.Kd2 f6
16.Bg5e3 Rf8f7
17.Ra1g1 Nd7f8
18.Nf3e1 Bc8a6
19.a4 Ba6c8
20.g4 Bc8d7
21.f4 a6
22.f5 g5
23.Rh1h5 Bd7xa4
24.Qc2b1 b5
25.Ne1f3 bxc4
26.Bd3xc4 Ba4b5
27.Qb1a2 Bb5xc4
28.Qa2xc4 Qe8b5
29.Kd3 Qb5xc4
30.Kxc4 Rf7b7
31.Rh5h1 Nf8d7
32.Rg1b1 Rb7xb1
33.Rh1xb1 Ra8b8
34.Rb1xb8 Nd7xb8
35.Be3xc5 dxc5
36.Kxc5 Ng8e7
37.d6 Ne7c6
38.Nf3d2 Kg8
39.Nd2c4 Kf7
40.Nc4b6 Nc6d8
41.c4 Ke8
42.Kd5 Nb8d7
43.Nb6a4 a5
44.c5 Nd7b8
45.Na4b6 Nb8c6
46.Nb6a4 Nc6d4
47.Kc4 Kd7
48.Kd5 Nd8c6
49.Na4b6 Kd8
{ draw }
1/2-1/2

[Event "Tourn. n9511"]
[Site "www.chess-mail.com"]
[Date "2017.10.12"]
[Round "1"]
[White "Welberth"]
[Black "Falcoale"]
[WhiteElo "1900"]
[BlackElo "1960"]
[Result "1-0"]
[Round "1"]
1.d4 Ng8f6
2.c4 e6
3.Nb1c3 b6
4.e4 d6
5.Ng1f3 Bc8b7
6.Bf1d3 d5
7.Bc1g5 h6
8.Bg5h4 Bf8e7
9.cxd5 exd5
10.e5 Nf6d7
11.Bh4xe7 Qd8xe7
12.O-O O-O
13.Ra1c1 c6
14.Nf3d2 Nb8a6
15.Qd1e2 Na6c7
16.f4 Nd7c5
17.dxc5 bxc5
18.f5 f6
19.exf6 Qe7xf6
20.Qe2f2 Qf6g5
21.Nd2f3 c4
22.Nf3xg5 { resign }
1-0

[Event "Tourn. n9549"]
[Site "www.chess-mail.com"]
[Date "2017.10.12"]
[Round "1"]
[White "Caspito"]
[Black "Azulmarino"]
[WhiteElo "1880"]
[BlackElo "1600"]
[Result "1-0"]
[Round "1"]
1.e4 e5
2.Ng1f3 Nb8c6
3.Bf1b5 a6
4.Bb5a4 d6
5.O-O Bc8d7
6.d4 Ng8f6
7.Bc1g5 Bf8e7
8.Qd1d3 h6
9.Bg5h4 Nc6b4
10.Ba4xd7 Qd8xd7
11.Qd3c3 Nb4c6
12.Bh4xf6 Be7xf6
13.d5 Nc6d4
14.Nf3xd4 exd4
15.Qc3b3 O-O-O
16.Nb1a3 b5
17.c4 Bf6e5
18.cxb5 axb5
19.Na3xb5 Qd7g4
20.Nb5a7 Kd7
21.Qb3b5 Ke7
22.Na7c6 Kf6
23.Nc6xd8 Rh8xd8
24.Qb5d3 Qg4f4
25.Qd3f3 d3
26.Qf3xf4 Be5xf4
27.g3 Bf4g5
28.f4 Rd8b8
29.fxg5 Kxg5
30.b3 Kg4
31.Kg2 Rb8b4
32.Rf1f4 Kg5
33.h4 Kg6
34.e5 Rb4b5
35.e6 Rb5xd5
36.exf7 Rd5f5
37.Rf4xf5 Kxf5
38.f8Q { resign }
1-0

[Event "Tourn. n9431"]
[Site "www.chess-mail.com"]
[Date "2017.10.12"]
[Round "1"]
[White "Azulmarino"]
[Black "Osmundw"]
[WhiteElo "1540"]
[BlackElo "1430"]
[Result "1-0"]
[Round "1"]
1.e4 e6
2.Qd1f3 d5
3.d3 Ng8f6
4.Bc1g5 Nb8c6
5.a3 Nc6e5
6.Qf3d1 h6
7.Bg5h4 g5
8.Bh4g3 dxe4
9.Bg3xe5 Nf6d5
10.Be5xh8 Bf8c5
11.dxe4 Nd5f4
12.Bf1b5 c6
13.Qd1xd8 Kxd8
14.Bb5f1 Bc8d7
15.Bh8f6 Bc5e7
16.Bf6e5 f6
17.Be5xf4 gxf4
18.Ng1f3 f5
19.Nb1c3 fxe4
20.Nf3e5 Be7d6
21.Ne5f7 Ke7
22.Nf7xh6 c5
23.Nc3xe4 Bd6e5
24.Ra1b1 Bd7a4
25.Ne4xc5 Ba4xc2
26.Rb1c1 Bc2g6
27.Nc5xb7 Be5g7
28.Bf1b5 Bg7xh6
29.O-O Ra8b8
30.Rc1c7 Kf6
31.Rf1d1 Bg6c2
32.Rd1d7 Rb8f8
33.Rc7c5 Bc2e4
34.Nb7d6 Rf8g8
35.Nd6xe4 Kg6
36.Rd7xa7 Bh6g7
37.Rc5g5 Kh6
38.Ra7d7 Bg7f6
39.Ne4xf6 Kxg5
40.Nf6xg8 e5
41.Rd7f7 e4
42.Bb5d7 e3
43.fxe3 fxe3
44.Rf7e7 { resign }
1-0

[Event "Match"]
[Site "www.echecsemail.com"]
[Date "2017.10.12"]
[Round "1"]
[White "Mokka0616"]
[Black "Canario"]
[WhiteElo "1459"]
[BlackElo "1860"]
[Result "0-1"]
[Round "1"]
1.e4 e5
2.c3 Ng8f6
3.Qd1f3 Nb8c6
4.Bf1e2 d5
5.d3 dxe4
6.dxe4 Bf8c5
7.b4 Bc5b6
 { time }
0-1

[Event "Match"]
[Site "www.echecsemail.com"]
[Date "2017.10.12"]
[Round "1"]
[White "Llord"]
[Black "Cjood"]
[WhiteElo "1920"]
[BlackElo "2000"]
[Result "1-0"]
[Round "1"]
1.e4 e5
2.Ng1f3 Nb8c6
3.Bf1c4 Bf8c5
4.O-O Ng8f6
5.Nb1c3 O-O
6.d3 d6
7.h3 a6
8.a4 Bc8d7
9.Bc1e3 Bc5xe3
10.fxe3  { time }
1-0

[Event "Match"]
[Site "www.echecsemail.com"]
[Date "2017.10.12"]
[Round "1"]
[White "Guidom"]
[Black "Tonino1"]
[WhiteElo "2140"]
[BlackElo "2210"]
[Result "0-1"]
[Round "1"]
1.e4 d6
2.d4 Ng8f6
3.Nb1c3 g6
4.Bf1d3 Bf8g7
5.Ng1f3 O-O
6.O-O c6
7.Bc1g5 Qd8c7
8.Rf1e1 e5
9.dxe5 dxe5
10.h3 h6
11.Bg5h4 Nf6h5
12.Nf3h2 Nh5f4
13.Nh2g4 Nf4xd3
14.cxd3 g5
15.Bh4g3 Nb8a6
16.a3 Na6c5
17.Qd1c2 Nc5e6
18.Nc3e2 Ne6f4
19.Bg3xf4 exf4
20.f3 Bc8e6
21.Ra1c1 Qc7b6
22.Kh1 Qb6xb2
23.Qc2xb2 Bg7xb2
24.Rc1b1 Bb2xa3
25.Rb1xb7 a5
26.Ng4xh6 Kg7
27.Nh6g4 Be6xg4
28.fxg4 Ra8b8
29.Re1b1 Ba3b4
30.Rb7c7 c5
31.d4 Rf8c8
32.Rc7d7 c4
33.Ne2c1 c3
34.Nc1d3 c2
35.Rb1a1 Bb4d2
{ resign }
0-1

[Event "Match"]
[Site "www.echecsemail.com"]
[Date "2017.10.12"]
[Round "1"]
[White "Michel93"]
[Black "Whitekknight"]
[WhiteElo "1809"]
[BlackElo "1950"]
[Result "0-1"]
[Round "1"]
1.d4 d5
2.c4 e6
3.Nb1c3 Ng8f6
4.cxd5 Nf6xd5
5.e4 Nd5xc3
6.bxc3 Nb8c6
7.Ng1f3 Bf8e7
8.Bc1f4 O-O
9.Bf1d3 f6
10.Bf4g3 a6
11.a4 Be7d6
12.Bg3h4 Bd6e7
13.Qd1b3 Kh8
14.Ra1d1 b6
15.O-O Nc6a5
16.Qb3b1 Bc8b7
17.Rf1e1 Na5c6
 { time }
0-1

[Event "Match"]
[Site "www.echecsemail.com"]
[Date "2017.10.12"]
[Round "1"]
[White "Apdash"]
[Black "Karlgrocer"]
[WhiteElo "1920"]
[BlackElo "2030"]
[Result "1-0"]
[Round "1"]
1.e4 c5
2.Ng1f3 d6
3.d4 cxd4
4.Nf3xd4 Ng8f6
5.Bf1d3 e5
6.Bd3b5 Bc8d7
7.Bb5xd7 Nb8xd7
8.Nd4f5 Nd7c5
9.O-O Nc5xe4
10.Rf1e1 Ne4c5
11.b4 Nc5e6
12.a3 g6
13.Nf5g3 Bf8g7
14.Bc1b2 O-O
15.Nb1d2 Qd8c7
16.c4 Rf8d8
17.Qd1b3 Ra8b8
18.a4 b6
19.a5 b5
20.cxb5 Rb8xb5
21.h3 Rd8b8
22.Bb2a3 Ne6d4
23.Qb3c4 Qc7b7
24.f4 d5
25.Qc4d3 Rb8c8
26.fxe5 Nd4c2
27.exf6 Bg7xf6
28.Ra1c1 Nc2xa3
29.Qd3xa3 Rc8xc1
30.Qa3xc1 Rb5xb4
31.Nd2f3 Kg7
32.Qc1a3 h5
33.Re1d1 Rb4b3
34.Qa3d6 Rb3b5
35.a6 Qb7a8
36.Ng3e2 Rb5b6
37.Qd6xd5 Qa8xd5
38.Rd1xd5 Rb6xa6
39.Nf3d4 Ra6a1
40.Kf2 Ra1a2
41.Kf3 a5
42.g4 h4
43.g5 Ra2a3
44.Kg4 Bf6xd4
45.Rd5xd4 Ra3a1
46.Ne2c3 Ra1c1
47.Nc3a4 Rc1c2
48.Kxh4 Rc2c7
49.Kg4 Rc7b7
50.Kf4 Rb7c7
51.h4 Rc7c2
52.Na4b6 Rc2f2
53.Kg3 Rf2b2
54.Nb6d5 Rb2b8
55.Rd4a4 Rb8b5
56.Nd5e3 Rb5b3
57.Kf4 Rb3b5
58.Ne3c4 { resign }
1-0

[Event "Match"]
[Site "www.echecsemail.com"]
[Date "2017.10.12"]
[Round "1"]
[White "Ketchuplover"]
[Black "Gambitmiau"]
[WhiteElo "1940"]
[BlackElo "1990"]
[Result "1-0"]
[Round "1"]
1.Ng1f3 d5
2.e3 a6
3.c4 e6
4.d4 Ng8f6
5.b3 c5
6.Bc1b2 Bf8d6
7.Bf1e2 Nb8c6
8.Nb1d2 O-O
9.O-O Nf6e4
10.Nd2xe4 dxe4
11.Nf3d2 f5
12.dxc5 Bd6xc5
13.a3 e5
14.Rf1e1 f4
15.Nd2xe4 fxe3
16.Qd1xd8 exf2
17.Kh1 fxe1Q
18.Ra1xe1 Rf8xd8
19.Ne4xc5 b6
20.Nc5e4 Bc8f5
21.Be2f3 Nc6d4
22.Bb2xd4 Bf5xe4
23.Bf3xe4 Rd8xd4
24.Be4xa8 Rd4d3
25.Re1b1 Rd3e3
26.Kg1 Re3d3
27.Kf2 Kf7
28.Ke2 Rd3c3
29.Ba8d5 Kf6
30.a4 Kf5
31.Kd2 Rc3g3
32.hxg3 Kg4
33.Ke3 { resign }
1-0

[Event "Match"]
[Site "www.echecsemail.com"]
[Date "2017.10.12"]
[Round "1"]
[White "Iko"]
[Black "Joaodelisboa"]
[WhiteElo "1620"]
[BlackElo "1599"]
[Result "0-1"]
[Round "1"]
1.e4 c5
2.c4 e6
3.e5 d5
4.Bf1d3 Nb8c6
5.Qd1a4 Qd8g5
6.g3 Qg5xe5
7.Ng1e2 Bc8d7
8.f4 Qe5d6
9.Qa4b3 Nc6a5
10.Qb3c3 b6
11.cxd5 Qd6xd5
12.O-O Bd7c6
13.b3 Qd5g2

0-1

[Event "Match"]
[Site "www.echecsemail.com"]
[Date "2017.10.12"]
[Round "1"]
[White "Estonia"]
[Black "Tonino1"]
[WhiteElo "1990"]
[BlackElo "2170"]
[Result "0-1"]
[Round "1"]
1.d4 Ng8f6
2.c4 g6
3.Nb1c3 Bf8g7
4.e4 d6
5.Bf1e2 O-O
6.Ng1f3 c6
7.Bc1g5 Qd8c7
8.O-O e5
9.d5 a6
10.Qd1d2 Rf8e8
11.Bg5xf6 Bg7xf6
12.Qd2h6 Bf6g7
13.Qh6h4 c5
14.Nf3g5 h6
15.Ng5h3 Qc7e7
16.Qh4xe7 Re8xe7
17.f4 Bc8xh3
18.gxh3 exf4
19.Rf1xf4 Bg7d4
20.Kg2 Nb8d7
21.h4 Nd7e5
22.Ra1f1 Ra8d8
23.Nc3d1 Rd8e8
24.b3 Ne5d7
25.h5 g5
26.Rf4g4 Re7xe4
27.h4 Re4xe2
28.Nd1f2 Re2xf2
29.Rf1xf2 Bd4xf2
30.Kxf2 f5
31.Rg4g1 g4
32.Rg1b1 Nd7e5
33.Rb1d1 Ne5f3
34.Kg3 Re8e1
35.Rd1d3 Kf7
{ resign }
0-1